Elementos de la mecánica del medio continuo para cuerpos sólidos vol. 1: Tema básicos / Dorian L. Linero S. y Diego Alexander Garzán A. (Registro nro. 11366)

Detalles MARC
000 -LEADER
fixed length control field 00634nam a22001931a 4500
001 - CONTROL NUMBER
control field 11366
003 - CONTROL NUMBER IDENTIFIER
control field OSt
005 - DATE AND TIME OF LATEST TRANSACTION
control field 20260204212240.0
008 - FIXED-LENGTH DATA ELEMENTS--GENERAL INFORMATION
fixed length control field 120827s2010||||ck ||||||b||||||||||spa||
050 ## - LIBRARY OF CONGRESS CALL NUMBER
Classification number 531 L645e
100 ## - ASIENTO PRINCIPAL -- NOMBRE PERSONAL
Personal name Linero S., Dorian L.
245 ## - TÍTULO PROPIAMENTE DICHO: SUBTÍTULO
Title Elementos de la mecánica del medio continuo para cuerpos sólidos vol. 1: Tema básicos / Dorian L. Linero S. y Diego Alexander Garzán A.
264 ## - PRODUCTION, PUBLICATION, DISTRIBUTION, MANUFACTURE, AND COPYRIGHT NOTICE
Place of production, publication, distribution, manufacture Colombia: Universidad Nacional de Colombia
300 ## - PHYSICAL DESCRIPTION
Extensión 251 p
500 ## - GENERAL NOTE
General note Invluye indice
650 ## - ASIENTO SECUNDARIO DE MATERIA -- TERMINO TEMÁTICO
Termino Temático Como Elemento de Entrada Mecánica de Sólido 2.Elementos de Mecánica
700 ## - ASIENTO SECUNDARIO -- NOMBRE PERSONAL
Personal name Garzán A., Diego AlexanderÌ
942 ## - ADDED ENTRY ELEMENTS (KOHA)
Source of classification or shelving scheme Dewey Decimal Classification
Koha item type Libros
Existencias
Withdrawn status Lost status Source of classification or shelving scheme Damaged status Not for loan Current library Date acquired Total Checkouts Full call number Barcode Date last seen Price effective from Koha item type
    Dewey Decimal Classification     Biblioteca UTECO 09/09/2019   531 L645E 016139 09/09/2019 09/09/2019 Libros
    Dewey Decimal Classification     Biblioteca UTECO 09/09/2019   531 L645E 016140 09/09/2019 09/09/2019 Libros
    Dewey Decimal Classification     Biblioteca UTECO 09/09/2019   531 L645E 016141 09/09/2019 09/09/2019 Libros
© 2021 Derechos Reservados UTECO - Teléfono: +1 809-585-2291 - Correo electrónico: biblioteca@uteco.edu.do​  
Código postal 43000 ​​
Dirección: Avenida Universitaria No. 100, 
Cotuí, Provincia Sánchez Ramírez, República Dominicana - RNC: 404-00059-6